| 000 | 00977nam a2200313Ia 4500 | ||
|---|---|---|---|
| 003 | OSt | ||
| 005 | 20221007124714.0 | ||
| 006 | a|||||r|||| 00| 0 | ||
| 007 | ta | ||
| 008 | 221006b |||||||| |||| 00| 0 eng d | ||
| 020 | _a047148993X (pbk) | ||
| 024 | _a193643 | ||
| 037 |
_b120, 22/09/2015, Dhanraj Book House _cTextual |
||
| 040 |
_aCDL _cCDL _beng |
||
| 041 |
_2eng _aeng |
||
| 082 | _aE:218:(B), P0;2 Carc | ||
| 100 |
_aHinchliffe Alan _9718347 |
||
| 245 | 0 | _aModelling molecular structures | |
| 250 | _a2 | ||
| 260 |
_aNew _bYork John Wiley _c2000 |
||
| 300 |
_axviii, 336p. ill. _ccm. |
||
| 500 | _aReferences 325-330p.; Index 331-336p.; Reprint 2001. | ||
| 650 |
_a Dynamics _9453975 |
||
| 650 |
_a Electron density _9720177 |
||
| 650 |
_a Huckel model _9719962 |
||
| 650 |
_aMiscellany _9720178 |
||
| 942 |
_hE:218:(B), P0;2 Carc _cTEXL _2CC |
||
| 999 |
_c1213960 _d1213960 |
||